Language beyond Words: The Neuroscience of Accent (Record no. 37257)
[ view plain ]
| 000 -LEADER | |
|---|---|
| fixed length control field | 00613nam a2200133Ia 4500 |
| 008 - FIXED-LENGTH DATA ELEMENTS--GENERAL INFORMATION | |
| fixed length control field | 220621s9999||||xx |||||||||||||| ||und|| |
| 022 ## - INTERNATIONAL STANDARD SERIAL NUMBER | |
| International Standard Serial Number | 16648714 |
| 100 ## - MAIN ENTRY--PERSONAL NAME | |
| Personal name | Guadalupe Davila||Marcelo L. Berthier||Peter Marien||Ignacio Moreno-Torres |
| 245 #0 - TITLE STATEMENT | |
| Title | Language beyond Words: The Neuroscience of Accent |
| 546 ## - LANGUAGE NOTE | |
| Language note | English[eng] |
| 650 ## - SUBJECT ADDED ENTRY--TOPICAL TERM | |
| Topical term or geographic name entry element | Neuroimaging||Neuroscience||Foreign accent syndrome||accent loss||foreign accent||accent learning||speech production||accent||Speech Perception |
| 856 ## - ELECTRONIC LOCATION AND ACCESS | |
| Uniform Resource Identifier | <a href="http://journal.frontiersin.org/researchtopic/2637/language-beyond-words-the-neuroscience-of-accent">http://journal.frontiersin.org/researchtopic/2637/language-beyond-words-the-neuroscience-of-accent</a> |
| 942 ## - ADDED ENTRY ELEMENTS (KOHA) | |
| Koha item type | E-Books |
| Withdrawn status | Lost status | Damaged status | Not for loan | Home library | Current library | Date acquired | Total Checkouts | Date last seen | Price effective from | Koha item type |
|---|---|---|---|---|---|---|---|---|---|---|
| Kerala University of Digital Sciences, Innovation and Technology Knowledge Centre | Kerala University of Digital Sciences, Innovation and Technology Knowledge Centre | 21/06/2022 | 21/06/2022 | 21/06/2022 | E-Books |